LIBRARY & INFORMATION CENTRE, KCAET, TAVANUR

ONLINE PUBLIC ACCESS CATALOGUE (OPAC)

Design, fabrication and evaluation of the operformance characteristics of hydraulic ram by varying the variouos parameters (Record no. 15328)

MARC details
000 -LEADER
fixed length control field 00463nam a22001457a 4500
082 ## - DEWEY DECIMAL CLASSIFICATION NUMBER
Classification number 631.7
Item number SUS/DE
100 ## - MAIN ENTRY--AUTHOR NAME
Personal name SUSEELA, P
245 ## - TITLE STATEMENT
Title Design, fabrication and evaluation of the operformance characteristics of hydraulic ram by varying the variouos parameters
260 ## - PUBLICATION, DISTRIBUTION, ETC. (IMPRINT)
Place of publication Tavanur
Name of publisher Kelappaji College of Agricultural Engineering and Technology
Year of publication 1989
300 ## - PHYSICAL DESCRIPTION
Number of Pages 150
500 ## - GENERAL NOTE
General note Thesis
520 ## - SUMMARY, ETC.
Summary, etc Thesis
650 ## - SUBJECT ADDED ENTRY--TOPICAL TERM
Topical Term Thesis
942 ## - ADDED ENTRY ELEMENTS (KOHA)
Koha item type Theses
Holdings
Withdrawn status Lost status Damaged status Home library Current library Date acquired Full call number Accession Number Koha item type Public note
      KAUAET KAUAET 03/03/2018 631.7 SUS/DE 16529 Theses M.Tech Thesis
free website counter